Hybrid Control Architecture and just enough time Domain level signaling for optical burst switched networks (Record no. 9215)

000 -LEADER
fixed length control field 00539 a2200133 4500
082 ## - DEWEY DECIMAL CLASSIFICATION NUMBER
Classification number MIT-5
100 ## - MAIN ENTRY--PERSONAL NAME
Personal name M. Asif Raza
9 (RLIN) 100348
245 ## - TITLE STATEMENT
Title Hybrid Control Architecture and just enough time Domain level signaling for optical burst switched networks
Statement of responsibility, etc. M. Asif Raza
260 ## - PUBLICATION, DISTRIBUTION, ETC.
Place of publication, distribution, etc. Isalamabad,
Name of publisher, distributor, etc. NUST School of Electrical Engineering & Computer Science,
Date of publication, distribution, etc. 2006
300 ## - PHYSICAL DESCRIPTION
Extent xiii, 10 p. :
Other physical details ill. ;
Dimensions 27 cm.
500 ## - GENERAL NOTE
General note Supervisor : Dr. Arshad Ali.
856 ## - ELECTRONIC LOCATION AND ACCESS
Uniform Resource Identifier <a href="http://10.250.8.41:8080/xmlui/handle/123456789/30529">http://10.250.8.41:8080/xmlui/handle/123456789/30529</a>
942 ## - ADDED ENTRY ELEMENTS (KOHA)
Koha item type Project Report
Call number prefix MIT-5 ASI
Source of classification or shelving scheme
Holdings
Withdrawn status Lost status Damaged status Not for loan Permanent Location Current Location Total Checkouts Full call number Barcode Date last seen Price effective from Koha item type Source of classification or shelving scheme Shelving location Date acquired
        Central Library (CL) Central Library (CL)   MIT-5 ASI SEECSP00425 11/14/2012 11/14/2012 Project Report      
        Central Library (CL) Central Library (CL)   004 MIT-5 CL-T-4402 12/27/2019 12/27/2019 Thesis   Thesis 12/27/2019
© 2023 Central Library, National University of Sciences and Technology. All Rights Reserved.